Statistiques concernant 10 capitales les plus peuplées au monde

Cliquez ici pour prendre le quiz!

Statistiques générales

  • Ce quiz a été pris 168 fois
  • Le résultat moyen est 8 sur 10

Statistiques - réponses

PopulationCapitales% Correct
42 796 714Tokyo
98%
21 542 000Pékin
93%
26 454 086New Delhi
88%
35 143 473Jakarta
81%
20 215 638Moscou
79%
20 892 724Mexico
78%
25 525 184Séoul
71%
18 927 786Bangkok
63%
24 439 785Le Caire
63%
24 197 302Manille
61%

Distribution des résultats

Percentile par nombre de réponses

% des personnes avec chaque résultat

Votre développement - résultats

Vous n’avez pas pris ce quiz